000
00323 a2200157 4500
001
186778
020
_a
85-7272-133-9
040
_c
Magnum
100
_a
Pozenato, Jose Clemente
240
1
0
_a
Pisca-tudo
_l
por
245
1
0
_a
Pisca-tudo
300
_a
24
362
0
_a
2000
697
_a
LITERATURA INFANTIL
942
_c
BK
999
_c
186778
_d
186778